000 00926nam2a22002291 4500
001 rc\214098
005 20250621062700.0
035 _a(NLR Aleph) 005623021
090 _a6511105
_c6511105
100 _a20030307d1992 |||y0rusy50 ca
101 0 _arus
102 _aRU
105 _ay |||||||||
200 0 _a[Ч. 1]
210 _dБ .г. (1992)
_aБ. м.
215 _a130 с.
461 0 _1001rc\214097
_12001#$aЯзыки программирования для компьютера ZX-Spectrum$eПракт. пособие по программир.$f[Сост. С. Шамрай]$v[Ч. 1]
_96511100
_cБ. м.
_dБ. г.
_f[Сост. С. Шамрай]
_nБ. и.
_oПракт. пособие по программир.
_tЯзыки программирования для компьютера ZX-Spectrum
_v[Ч. 1]
801 0 _aRU
_bNLR
_gpsbo
801 1 _aRU
_bELAR
_2rusmarc
852 _aNLR
_j92-3/8652
942 _cBOOK
980 _aNB